Eastman Johnson (Record no. 1474)

MARC details
000 -CABECERA
campo de control de longitud fija 01197nam a2200265 a 4500
001 - NÚMERO DE CONTROL
campo de control BRCA_1680
005 - FECHA Y HORA DE LA ÚLTIMA TRANSACCIÓN
campo de control 20190320203514.0
008 - DATOS DE LONGITUD FIJA--INFORMACIÓN GENERAL
campo de control de longitud fija 990223s1999 nyua---##b---#001-0#eng-#
020 ## - NÚMERO INTERNACIONAL ESTÁNDAR DEL LIBRO
Número Internacional Estándar del Libro 0847822141
020 ## - NÚMERO INTERNACIONAL ESTÁNDAR DEL LIBRO
Número Internacional Estándar del Libro 0872731383
040 ## - FUENTE DE LA CATALOGACIÓN
Centro catalogador/agencia de origen DLC
Centro/agencia transcriptor DLC
Centro/agencia modificador DLC
050 #4 - SIGNATURA TOPOGRÁFICA DE LA BIBLIOTECA DEL CONGRESO
Número de clasificación ND237.J6
Número de documento/Ítem .C37 1999
100 1# - ENTRADA PRINCIPAL--NOMBRE DE PERSONA
Nombre de persona Carbone, Teresa A.
9 (RLIN) 5246
245 10 - MENCIÓN DE TÍTULO
Título Eastman Johnson
Resto del título Painting America
Mención de responsabilidad, etc. Teresa A. Carbone, Patricia Hills ; with contributions by Jane Weiss, Sarah Burns, Anne C. Rose ; edited by Teresa A. Carbone.
260 ## - PUBLICACIÓN, DISTRIBUCIÓN, ETC.
Lugar de publicación, distribución, etc. New York
Nombre del editor, distribuidor, etc. Brooklyn Museum of Art : Rizzoli International Publications
Fecha de publicación, distribución, etc. 1999
300 ## - DESCRIPCIÓN FÍSICA
Extensión 272 p.
Otras características físicas il. (algunas a color)
Dimensiones 30 cm.
500 ## - NOTA GENERAL
Nota general Catálogo de la exposición realizada en el the Brooklyn Museum of Art (Nueva York), 29 octubre 1999 - 6 febrero 2000 en San Diego Museum of Art, 26 febrero - 21 mayo 2000 y en Seattle Art Museum, 8 junio - 10 septiembre, 2000
500 ## - NOTA GENERAL
Nota general Incluye índice alfabético
504 ## - NOTA DE BIBLIOGRAFÍA, ETC.
Nota de bibliografía, etc. Bibliografía: p. 267
600 14 - PUNTO DE ACCESO ADICIONAL DE MATERIA--NOMBRE DE PERSONA
Nombre de persona Johnson, Eastman
Fechas asociadas al nombre 1824-1906
Subdivisión de forma Exposiciones
Subdivisión general Colecciones de arte
9 (RLIN) 5247
700 1# - PUNTO DE ACCESO ADICIONAL--NOMBRE DE PERSONA
Nombre de persona Johnson, Eastman
Fechas asociadas al nombre 1824-1906
9 (RLIN) 5248
700 1# - PUNTO DE ACCESO ADICIONAL--NOMBRE DE PERSONA
Nombre de persona Hills, Patricia
9 (RLIN) 5249
700 1# - PUNTO DE ACCESO ADICIONAL--NOMBRE DE PERSONA
Nombre de persona Weiss, Jane
9 (RLIN) 5250
942 ## - ELEMENTOS DE PUNTO DE ACCESO ADICIONAL (KOHA)
Fuente del sistema de clasificación o colocación Library of Congress Classification
Tipo de ítem Koha Libros
Holdings
Estado de retiro Estado de pérdida Estado dañado No para préstamo Localización permanente Ubicación/localización actual Fecha de adquisición Total de préstamos Signatura topográfica completa Código de barras Fecha visto por última vez Precio válido a partir de Tipo de ítem Koha
El ejemplar forma parte de la colección y puede ser consultado según las políticas vigentes.       Biblioteca del Museo Franz Mayer (Rogerio Casas-Alatriste) Biblioteca del Museo Franz Mayer (Rogerio Casas-Alatriste) 27/06/2008   ND237.J6 .C37 1999 02317 22/03/2019 22/03/2019 Libros